00262nam a2200109Ia 4500008004100000041001200041082001100053100001600064245006000080260000600140650000600146221030s9999 xx 000 0 und d aEnglish a105.23 aWan M. Wong 0aLearn Fox Pro 2.5 for Windows in a Daycby Wan M. Wong c0 aB